| 000 | 01084nas a2200373 4500 | ||
|---|---|---|---|
| 001 | BR0300361 | ||
| 003 | BR-BrBNA | ||
| 005 | 20231205103516.0 | ||
| 007 | ta | ||
| 008 | 230509b bl.|||p| |||| 00| 00por d | ||
| 040 |
_aBR-BrBNA _bpor _cBiblioteca Nacional de Agricultura |
||
| 041 | _a(Pt) | ||
| 072 | _aL51; E70 | ||
| 100 | 1 | _aRibeiro Filho, E. | |
| 100 | 1 | _aPaiva, P.C. de A. | |
| 100 | 1 | _aBarcelos, A.F. | |
| 100 | 1 | _aRezende, C.A.P. | |
| 100 | 1 | _aCardoso, R.M. | |
| 100 | 1 | _aBanys, V.L. | |
| 245 | 1 | _aEfeito da casca de café (Coffea arabica L.)no desempenho de novilhos mestiços de Holandês-Zebu na fase de recria | |
| 650 | _aCASCA DE CAFÉ | ||
| 650 | _aNOVILHO | ||
| 650 | _aGADO ZEBU | ||
| 650 | _aPERFORMANCE | ||
| 650 | _aRECRIA | ||
| 650 | _aGANHO DE PESO | ||
| 650 | _aNUTRIÇÃO ANIMAL | ||
| 650 | _aCONSUMO | ||
| 650 | _aCUSTO | ||
| 650 | _aRECEITA | ||
| 773 | 0 |
_tCiência e Agrotecnologia (Brazil) _xISSN 1413-7054 _g(Jan-Mar 2000), v. 24(1) p. 225-232 _wBR0300361 |
|
| 909 |
_a202311 _bLúcia _c55 _dLúcia Elande |
||
| 942 |
_2AGRIS _n0 _cANA |
||
| 999 |
_c173249 _d173249 |
||